Pays à partir de son lieu touristique le plus emblématique - Statistiques

Statistiques générales
  • Ce quiz a été pris 45 fois
  • Le résultat moyen est 10 sur 20
Statistiques - réponses
Par images Réponse % Correct
France
98%
Chine
95%
Italie
95%
Japon
91%
États-Unis
79%
Canada
72%
Turquie
65%
Mongolie
49%
Thaïlande
47%
Hongrie
42%
Madagascar
40%
Maroc
37%
Bosnie-Herzégovine
33%
Bhoutan
30%
Afrique du Sud
26%
Indonésie
26%
Rwanda
23%
Zambie / Zimbabwe
23%
République tchèque
21%
Slovaquie
7%
Aucun quiz correspondant
Distribution des résultats
% des personnes avec chaque résultat
Percentile par nombre de réponses
Votre historique - résultats
Vous n’avez pas pris ce quiz